National defence : the military aspects of political geography : a reconnaissance study

Αποθηκεύτηκε σε:
Λεπτομέρειες βιβλιογραφικής εγγραφής
Κύριος συγγραφέας: Mellor, Roy E. H.
Μορφή: Βιβλίο
Γλώσσα:English
Δημοσίευση: [Aberdeen, Scot.] : Dept. og Geography, University of Aderdeen, 1987
Σειρά:O'Dell memorial monograph ; ; 19
Θέματα:
Ετικέτες: Προσθήκη ετικέτας
Δεν υπάρχουν, Καταχωρήστε ετικέτα πρώτοι!

MARC

LEADER 00000nam a2200000 i 4500
001 1/80118
008 990507s1987 eng d
020 |a 0-901832-31-6 
035 |l 10050555 
040 |a GR-MY-UA  |b gre  |e aacr 
041 0 |a eng 
082 0 |a 355.45 
100 1 |a Mellor, Roy E. H. 
245 1 0 |a National defence :  |b the military aspects of political geography : a reconnaissance study /  |c Roy E. H. Mellor 
260 |a [Aberdeen, Scot.] :   |b Dept. og Geography, University of Aderdeen,   |c 1987 
300 |a 201 p. 
490 1 |a O'Dell memorial monograph  |v ; 19 
504 |a Bibliography: p. 184-199 
650 0 0 |a Military geography. 
650 0 0 |a Territory, National. 
650 0 0 |a Politics and war. 
830 0 |a O'Dell memorial monograph ;  |v ; 19 
852 |a INST  |b LESVOS  |e 19990507  |h 355.45 MEL  |p 005100016150  |q 005100016150  |t BK  |y 0 
901 |a BIBL1-1999-2 
909 |a Λ  |b 061666 
922 |a 1ΕΛΗ  |b 199812  |c ΚΠΣ/ΤΓ  |d ΠΑΠΑΣΩΤΗΡΙΟΥ 
950 |a 118-1998-07-21